SHOW ME DON T TELL ME VISUALIZING COMMUN (Record no. 29152)

MARC details
000 -LEADER
fixed length control field 00333nam a2200133Ia 4500
008 - FIXED-LENGTH DATA ELEMENTS--GENERAL INFORMATION
fixed length control field 240624s9999 xx 000 0 und d
041 ## - LANGUAGE CODE
Language code of text/sound track or separate title eng
082 ## - DEWEY DECIMAL CLASSIFICATION NUMBER
Classification number 658.45 HOL
100 ## - MAIN ENTRY--PERSONAL NAME
Personal name HOLSTON DAVID
245 ## - TITLE STATEMENT
Title SHOW ME DON T TELL ME VISUALIZING COMMUN
260 ## - PUBLICATION, DISTRIBUTION, ETC.
Date of publication, distribution, etc. 2015
Place of publication, distribution, etc. Ohio
Name of publisher, distributor, etc. HOW Books
300 ## - PHYSICAL DESCRIPTION
Extent 220 p.; 17 cm.
365 ## - TRADE PRICE
Currency code
Price amount 38
Holdings
Withdrawn status Lost status Damaged status Not for loan Home library Current library Shelving location Date acquired Cost, normal purchase price Total Checkouts Total Renewals Full call number Barcode Date last seen Date last checked out Copy number Price effective from Koha item type
        IMTN IMTN Rack 32-A 08/21/2017 26.99 1 1 658.45 HOL 29152 10/22/2024 10/03/2024 66.7 06/24/2024 Books
Designed & Maintained by: LRC IMT Nagpur Contact: lrc@imtnag.ac.in© 2024. All Rights Reserved.